01603nam a2200337 a 4500001001200000003000800012006001900020007001500039008004100054020001800095020002700113040002100140035002100161050002300182245013900205250001200344260003100356300002500387490005800412504004100470505030100511533015200812650002900964655002900993700002201022700001601044710001701060830004701077856012601124999001501250ebr10696000CaPaEBRm u cr cn|||||||||130513s2013 enka sb 000 0 eng d z9781781907825 z9781781907832 (e-book) aCaPaEBRcCaPaEBR a(OCoLC)84441658114aHM499b.A15 2013eb00a40th anniversary of studies in symbolic interactionh[electronic resource] /cedited by Norman K. Denzin ; managing editor, Ted Faust. a1st ed. aBingley :bEmerald,c2013. axiii, 490 p. :bill.1 aStudies in symbolic interactions,x0163-2396 ;vv. 40 aIncludes bibliographical references.0 apt. 1. Ethnographic practice(s) and symbolic interaction : work from the contemporary ethnography across the disciplines HUI ; section A. Emergent methods ; section B. Practice and advocacy ; section C. Social justice and transformation -- pt. 2. New empirical studies -- pt. 3. Animals & selves. aElectronic reproduction.bPalo Alto, Calif. :cebrary,d2013.nAvailable via World Wide Web.nAccess may be limited to ebrary affiliated libraries. 0aSymbolic interactionism. 7aElectronic books.2local1 aDenzin, Norman K.1 aFaust, Ted.2 aebrary, Inc. 0aStudies in symbolic interactions ;vv. 40.40uhttp://site.ebrary.com/lib/rucke/Doc?id=10696000zAn electronic book accessible through the World Wide Web; click to view c9128d9128